Welcome to WEB OPAC of MRSPTU Central Library

Design of reinforced concrete structure (Record no. 4270)

MARC details
000 -LEADER
fixed length control field 00417nam a2200157Ia 4500
008 - FIXED-LENGTH DATA ELEMENTS--GENERAL INFORMATION
fixed length control field 230711s9999||||xx |||||||||||||| ||und||
020 ## - INTERNATIONAL STANDARD BOOK NUMBER
International Standard Book Number 978-93-84559-98-4
041 ## - LANGUAGE CODE
Language code of text/sound track or separate title ENG
082 ## - DEWEY DECIMAL CLASSIFICATION NUMBER
Classification number 624.18341
Item number RA-D
100 ## - MAIN ENTRY--PERSONAL NAME
Personal name Ramamrutham S
245 #0 - TITLE STATEMENT
Title Design of reinforced concrete structure
250 ## - EDITION STATEMENT
Edition statement 17th Ed.
260 ## - PUBLICATION, DISTRIBUTION, ETC.
Date of publication, distribution, etc. 2016
Place of publication, distribution, etc. New Delhi
Name of publisher, distributor, etc. Dhanpat Rai & Co.(Pvt.)Ltd.
650 ## - SUBJECT ADDED ENTRY--TOPICAL TERM
Topical term or geographic name entry element Civil Engineering
942 ## - ADDED ENTRY ELEMENTS (KOHA)
Koha item type Book
Holdings
Withdrawn status Lost status Damaged status Not for loan Collection Home library Current library Date acquired Total checkouts Full call number Barcode Date last seen Price effective from Koha item type Date last checked out Cost, normal purchase price Inventory number Date due
          MRSPTU Central Library MRSPTU Central Library     624.18341 RA-D 14571 09/04/2023 08/17/2023 Book        
          MRSPTU Central Library MRSPTU Central Library   1 624.18341 RA-D 14572 02/09/2026 08/17/2023 Book 01/16/2026      
          MRSPTU Central Library MRSPTU Central Library     624.18341 RA-D 14573 08/17/2023 08/17/2023 Book        
          MRSPTU Central Library MRSPTU Central Library     624.18341 RA-D 14574 08/17/2023 08/17/2023 Book        
          MRSPTU Central Library MRSPTU Central Library     624.18341 RA-D 14575 08/17/2023 08/17/2023 Book        
          MRSPTU Central Library MRSPTU Central Library   1 624.18341 RA-D 31622 03/18/2024 08/17/2023 Book 03/18/2024 815.00 2042502  
          MRSPTU Central Library MRSPTU Central Library     624.18341 RA-D 31623 08/17/2023 08/17/2023 Book   815.00 2042502  
          MRSPTU Central Library MRSPTU Central Library   2 624.18341 RA-D 31624 04/01/2026 08/17/2023 Book 04/01/2026 815.00 2042502 04/22/2026
          MRSPTU Central Library MRSPTU Central Library     624.18341 RA-D 31625 08/17/2023 08/17/2023 Book   815.00 2042502  
          MRSPTU Central Library MRSPTU Central Library     624.18341 RA-D 31626 08/17/2023 08/17/2023 Book   815.00 2042502  

Website Designed and Developed by MRSPTU Central Library Team

E-mail Id: librarian@mrsptu.ac.in